000 00630nam a2200217Ia 4500
008 131103s9999 xx 000 0 und d
020 _a000197312(net edition)
040 _aLoreto College
041 _aEnglish
082 _a822.33(ID)/JUL/KEN/822.33/T1/SHA
_b#NAME?
245 _aJulius Caesar
_cedited by H.LKennedy
260 _aLondon
_bCollons
_c1984
300 _a240 p.
_c 18 cm.
440 _aThe Alexander Shakespeare
504 _aIncludes bibliographical references
650 _aEnglish Drama
651 _aShakespeare,William - Julius Caesar
700 _aKennedy,H.L.ed.
850 _aLCLIB
942 _cBK
999 _c4412
_d54891